000 01216nam a2200337 a 4500
001 000023751
005 20251210125953.0
008 110112s1989 sp r 000 0 spa d
020 _a8430611630
040 _aDO-SdBNP
_bspa
_cBNPHU
041 1 7 _aspa
_heng
_2Código de idioma MARC
082 _a146.4
_bH114c
100 1 _aHabermas, Jürgen,
_d1929-
_911874
240 1 0 _aErkenntnis und Interesse.
_lEspañol.
245 1 0 _aConocimiento e interés /
_cJürgen Habermas ; versión de Manuel Jiménez, José F. Ivars y Luis Martín Santos ; revisada por José Vidal Beneyto.
260 _aMadrid :
_bTaurus,
_c1989.
300 _a348 p. ;
_c21 cm.
490 1 _aEnsayistas
_v163
504 _aIncluye referencias bibliográficas y notas al pie de las páginas
504 _aIncluye bibliografía (p.339-341)
534 _aTítulo original:
_tErkenntnis und Interesse.
650 0 _aPositivismo
_92423
650 4 _aMaterialismo
_945622
650 0 _aPragmatismo
_911290
700 1 _aJiménez Redondo, Manuel
_948907
700 1 _aIvars, José-Francisco
_948908
700 1 _aMartín Santos, Luis
_948909
700 1 _aVidal Beneyto, José
_948910
830 0 _aEnsayistas ;
_v163
_948911
049 _aBNGR
999 _c23247
_d23247